| 000 | 00585nam a2200193 a 4500 | ||
|---|---|---|---|
| 005 | 20240803063836.0 | ||
| 008 | 031128s1999 mx r 000 0 spa d | ||
| 020 | _a848323047X | ||
| 035 | _aUPN01000131051 | ||
| 049 | _aCG | ||
| 050 | 4 |
_aQC174.12 _bL6.3 |
|
| 245 | 0 | 0 |
_aLo grande, lo pequeño y la mente humana / _cRoger Penrose ... [et al.] ; tr. de Javier García Sanz. |
| 260 |
_aMadrid : _bCambridge University, _c1999. |
||
| 300 | _a151 p. | ||
| 650 | 2 |
_aTeoría cuántica _95020 |
|
| 650 | 2 |
_aFísica cuántica _920822 |
|
| 700 | 1 |
_aPenrose, Roger, _ecoaut. |
|
| 905 | _aLibro | ||
| 999 |
_c103206 _d103206 |
||